Supersymmetry and string theory : (Record no. 3301)

MARC details
000 -LEADER
fixed length control field 00983nac a22002891i 4500
003 - CONTROL NUMBER IDENTIFIER
control field EG-ScBUE
005 - DATE AND TIME OF LATEST TRANSACTION
control field 20250701095730.0
008 - FIXED-LENGTH DATA ELEMENTS--GENERAL INFORMATION
fixed length control field 250701s2007 enka f b 001 0 eng d
020 ## - INTERNATIONAL STANDARD BOOK NUMBER
International Standard Book Number 9780521858410
020 ## - INTERNATIONAL STANDARD BOOK NUMBER
International Standard Book Number 0521858410
035 ## - SYSTEM CONTROL NUMBER
System control number (OCoLC)ocm71808146
035 ## - SYSTEM CONTROL NUMBER
System control number (OCoLC)71808146
040 ## - CATALOGING SOURCE
Original cataloging agency EG-ScBUE
Language of cataloging eng
Description conventions rda
Transcribing agency EG-ScBUE
Modifying agency EG-ScBUE
082 04 - DEWEY DECIMAL CLASSIFICATION NUMBER
Classification number 539.725
Item number DIN
Edition number 22
100 1# - MAIN ENTRY--PERSONAL NAME
Personal name Dine, Michael,
Relator term author.
245 10 - TITLE STATEMENT
Title Supersymmetry and string theory :
Remainder of title beyond the standard model /
Statement of responsibility, etc Michael Dine, University of Calfornia, Santa Cruz.
264 #1 - PUBLICATION, DISTRIBUTION, ETC. (IMPRINT)
Place of publication, distribution, etc Cambridge :
Name of publisher, distributor, etc Cambridge University Press,
Date of publication, distribution, etc 2007
300 ## - PHYSICAL DESCRIPTION
Extent xx, 515 pages :
Other physical details illustrations ;
Dimensions 26 cm
336 ## - CONTENT TYPE
Source rdacontent
Content type term text
Content type code txt
337 ## - MEDIA TYPE
Media type term unmediated
Source rdamedia
Media type code n
338 ## - CARRIER TYPE
Carrier type term volume
Carrier type code nc
Source rdacarrier
504 ## - BIBLIOGRAPHY, ETC. NOTE
Bibliography, etc Includes bibliographical references and index.
650 #7 - SUBJECT ADDED ENTRY--TOPICAL TERM
Topical term or geographic name as entry element Supersymmetry.
Source of heading or term BUEsh
650 #7 - SUBJECT ADDED ENTRY--TOPICAL TERM
Topical term or geographic name as entry element String models.
Source of heading or term BUEsh
655 ## - INDEX TERM--GENRE/FORM
Form subdivision Reading book
942 ## - ADDED ENTRY ELEMENTS (KOHA)
Koha item type Book - Borrowing
Source of classification or shelving scheme Dewey Decimal Classification
Holdings
Withdrawn status Lost status Source of classification or shelving scheme Damaged status Not for loan Home library Current library Shelving location Date acquired Source of acquisition Total Checkouts Total Renewals Full call number Barcode Date last seen Date checked out Koha item type
    Dewey Decimal Classification     Central Library Central Library First floor 02/04/2007 Purchase 2 1 539.725 DIN 000030238 15/07/2025 21/03/2015 Book - Borrowing